[Event "Kishinev Ghimpu Memorial op"]
[Site "Kishinev"]
[Date "2012.11.10"]
[Round "3"]
[White "Ogleznev, Alexandr"]
[Black "Vinaga, Victor"]
[Result "1-0"]
[WhiteElo "2278"]
[BlackElo "1889"]
[PlyCount "67"]
[EventDate "2012.11.09"]
[EventType "swiss"]
[EventRounds "9"]
[EventCountry "MDA"]
[SourceTitle "EXT 2014"]
[Source "ChessBase"]
[SourceDate "2013.11.20"]
[SourceVersion "1"]
[SourceVersionDate "2013.11.20"]
[SourceQuality "1"]

1. e4 e6 2. d4 d5 3. Nd2 c5 4. exd5 exd5 5. Ngf3 Bd6 6. dxc5 Bxc5 7. Bd3 Ne7 8. 0-0 Bf5 9. Nb3 Bd6 10. Bxf5 Nxf5 11. Re1+ Ne7 12. Bg5 f6 13. Bh4 0-0 14. Nfd4 Qd7 15. Bg3 Bxg3 16. hxg3 Nbc6 17. Nc5 Qc8 18. Nce6 Rf7 19. Nb5 Qd7 20. Nc5 Qd8 21. Nxb7 Qb6 22. N7d6 Rff8 23. Qg4 f5 24. Qf4 a6 25. Nc3 Rad8 26. Rad1 Ng6 27. Nxd5 Qc5 28. Qc4 Qxc4 29. Nxc4 Rb8 30. b3 f4 31. gxf4 Nxf4 32. Nxf4 Rxf4 33. Rd2 h6 34. Re6 1-0

[Event "Kishinev Ghimpu Memorial op"]
[Site "Kishinev"]
[Date "2012.11.09"]
[Round "2"]
[White "Plamadeala, Ion"]
[Black "Vinaga, Victor"]
[Result "0-1"]
[WhiteElo "1472"]
[BlackElo "1889"]
[PlyCount "112"]
[EventDate "2012.11.09"]
[EventType "swiss"]
[EventRounds "9"]
[EventCountry "MDA"]
[SourceTitle "EXT 2014"]
[Source "ChessBase"]
[SourceDate "2013.11.20"]
[SourceVersion "1"]
[SourceVersionDate "2013.11.20"]
[SourceQuality "1"]

1. e4 e6 2. d4 d5 3. exd5 exd5 4. Nc3 c6 5. Nf3 Bd6 6. Bd3 Ne7 7. Bg5 f6 8. Bh4 0-0 9. 0-0 Bf5 10. Ne2 Re8 11. Bg3 Bg4 12. Nc3 Nf5 13. Bxf5 Bxf5 14. Qd2 Na6 15. Rae1 Qd7 16. a3 Nc7 17. Nh4 Bg4 18. Bxd6 Qxd6 19. h3 Bh5 20. Nf5 Qd7 21. Ng3 Bg6 22. Re2 Rxe2 23. Ncxe2 Re8 24. Nf4 Qe7 25. Nxg6 hxg6 26. Qd3 Kf7 27. Qb3 Nb5 28. c3 f5 29. Qa4 f4 30. Nh1 Qe2 31. Qb4 Re6 32. a4 Nd6 33. b3 g5 34. Qc5 a6 35. Qb4 b5 36. axb5 axb5 37. Qc5 Ne4 38. Qa7+ Kg6 39. Qa1 Qc2 40. Re1 Kf6 41. Qa8 Qxc3 42. Re2 Qxd4 43. Qf8+ Kg6 44. Kh2 Qd1 45. Ra2 Qxb3 46. Ra7 Nf6 47. Qf7+ Kf5 48. Qxg7 g4 49. h4 Qd1 50. Rf7 Qd4 51. h5 Ke4 52. h6 g3+ 53. fxg3 Ng4+ 54. Kh3 Rxh6+ 55. Kxg4 Qd1+ 56. Kg5 Qh5# 0-1